000 00592nam a22001817a 4500
005 20251108164933.0
008 250721s1976 xx 000 0 ara d
082 1 4 _a964.03/قدو
100 1 _aالعتيقي، قدور بن علي بن البشير اليزناسني
245 1 0 _aبنو يزناسن عبر الكفاح الوطني /
264 1 _aالرباط :
_bدار المغرب،
_c1976.
300 _a415ص
490 0 _aسلسلة التاريخ ؛ 3
650 1 7 _aتاريخ المغرب
650 1 7 _aالتاريخ السياسي
942 _2ddc
_cBK
999 _c17857
_d17857